01771nam a2200373 a 4500001001000000003000900010005001700019007000300036008004100039040003000080082002800110100005000138245013700188264007600325300002900401336002700430337003300457338002800490490002400518500007500542500010200617505024600719590002600965650002400991650002701015650002901042650002501071651007401096700003501170910004101205942001201246952012201258999001701380000012162DO-SdBPM20250624122747.0ta091106s1995 dr r 000 j spa d aDO-SdBPMbspacBPMSUdrda 4aRD863.44bJ61u 19952221 aJiménez Espino, Rafael,d1943-eautor 4aut13aEl último tren de Sánchez :bcuentos y vivencias de mi pueblo /cRafael Jiménez Espino (Persio) ; prólogo Esteban Michelena. aSanto Domingo :bBanco de Reservas de la República Dominicana,c1995. a180 páginas. ;c23 cm. atextobtxt2rdacontent asin mediaciónbn2rdamedia avolumenbnc2rdacarrier0 aArte y cultura, v1 aIncluye datos biográficos del autor en las solapas de las cubiertas. aEsta colección es un programa cultural de la Dirección de Relaciones Públicas y Difusión. aPrólogo.tI. El Matrimonio.--tII. El General Alcántara.--tIII. El Tío Luis.--tIV. Don Rafael.--tV. Sacarías y Doña Martha.--tVI. doña Chela.--tVII. La Virgen de la Fuente.--tVIII. Persio (el brujo más grande del pueblo). aInventariado, 2025/VM 7aCuentos dominicanos 7aLiteratura dominicana.z aShort stories, Dominicanz aDominican literature 4aSanta Bárbara de Samaná (República Dominicana)xHistoria local1 aMichelena, Esteban,eprólogo aVMateo V. Control de calidad. BPMSU  2ddccBK 00102ddc708CDaBPMETbBPMETd2025-06-24l0oBPMSU CD RD863.44 J61u 1995pBPMSU25060101r2025-06-24w2025-06-24yBK c15206d15206